| 000 | 00371nam a2200145 a 4500 | ||
|---|---|---|---|
| 001 | 2940 | ||
| 003 | CDMR | ||
| 005 | 20130325123431.0 | ||
| 008 | 130130s1997||||||||||||||||||||||||||||d | ||
| 040 |
_aCDMR _bcat _cCPC LLEIDA |
||
| 100 | 1 |
_aPont, Jaume _91621 |
|
| 245 | 1 | 0 |
_aNarrativa fantástica en el siglo XIX _cPONT, Jaume |
| 260 |
_aLleida _c1997 _bMilenio |
||
| 942 |
_cMON _2udc |
||
| 999 |
_c2940 _d2940 |
||